[Event "Winnipeg TNT October op"]
[Site "Winnipeg"]
[Date "2017.10.10"]
[Round "2"]
[White "Abusaleh, Yazan"]
[Black "Letain, Cory"]
[Result "0-1"]
[WhiteElo "1222"]
[BlackElo "1633"]
[PlyCount "76"]
[EventDate "2017.10.03"]
[EventType "swiss"]
[EventRounds "4"]
[EventCountry "CAN"]
[SourceTitle "EXT 2022"]
[Source "ChessBase"]
[SourceDate "2021.10.06"]
[SourceVersion "1"]
[SourceVersionDate "2021.10.06"]
[SourceQuality "1"]

1. e4 e5 2. Nf3 Nf6 3. Nc3 Bb4 4. a3 Bxc3 5. dxc3 0-0 6. Bd3 d6 7. Bg5 Bg4 8. h3 Bh5 9. 0-0 Nbd7 10. Re1 c6 11. Bc4 Qc7 12. Qd3 Bg6 13. Bxf6 Nxf6 14. Rad1 d5 15. exd5 Bxd3 16. Rxd3 e4 17. d6 Qd7 18. Ne5 Qf5 19. Nxf7 Rxf7 20. Bxf7+ Kxf7 21. Rxe4 Nxe4 22. Rf3 Qxf3 23. gxf3 Nxd6 24. Kg2 Nc4 25. Kg3 Rd8 26. Kg4 Rd2 27. f4 Rxf2 28. Kg5 Rxc2 29. h4 Rg2+ 30. Kf5 Rxb2 31. h5 Rb3 32. Kg5 Rxa3 33. f5 Rxc3 34. f6 gxf6+ 35. Kh6 Rg3 36. Kxh7 Rh3 37. h6 Rh4 38. Kh8 Rxh6# 0-1

[Event "Winnipeg TNT September op"]
[Site "Winnipeg"]
[Date "2017.09.12"]
[Round "2"]
[White "Magyar, Peter"]
[Black "Abusaleh, Yazan"]
[Result "1-0"]
[WhiteElo "1457"]
[BlackElo "996"]
[PlyCount "113"]
[EventDate "2017.09.05"]
[EventType "swiss"]
[EventRounds "4"]
[EventCountry "CAN"]
[SourceTitle "EXT 2022"]
[Source "ChessBase"]
[SourceDate "2021.10.06"]
[SourceVersion "1"]
[SourceVersionDate "2021.10.06"]
[SourceQuality "1"]

1. d4 Nf6 2. Bf4 d5 3. h3 Bf5 4. e3 Nbd7 5. Nf3 h6 6. Nbd2 e6 7. Be2 c5 8. c3 Be7 9. Rc1 0-0 10. 0-0 Ne4 11. Bh2 c4 12. Ne5 Nxe5 13. Bxe5 Bf6 14. Bh2 Nxd2 15. Qxd2 Re8 16. Bd1 b5 17. Bc2 Bxc2 18. Qxc2 a5 19. b3 e5 20. bxc4 bxc4 21. Rfe1 Qc7 22. e4 Bg5 23. Rcd1 Bf4 24. Bxf4 exf4 25. e5 Qd8 26. Qe2 Qg5 27. Qf3 Rab8 28. Qxd5 a4 29. f3 Rbc8 30. Rb1 Qf5 31. Qe4 Qxe4 32. Rxe4 g5 33. d5 Rb8 34. Rb4 Rxb4 35. cxb4 c3 36. Rc4 Rxe5 37. Rxc3 Rxd5 38. Ra3 Rd4 39. Rxa4 f5 40. Ra8+ Kf7 41. b5 Rd1+ 42. Kf2 Rb1 43. a4 Ke7 44. Ra6 Kd7 45. b6 Kc8 46. a5 Kb8 47. Ra7 Rb2+ 48. Kg1 g4 49. hxg4 fxg4 50. fxg4 Rb3 51. Rh7 Rg3 52. a6 f3 53. a7+ Ka8 54. Rh8+ Kb7 55. a8Q+ Kxb6 56. Qb8+ Kc6 57. Qxg3 1-0